• AIU
  • Tony Wilmot Memorial Library

Dikola-Fon : gete wurubware e ta ma beni. (Record no. 40162)

MARC details
000 -LEADER
fixed length control field 00774nam a22002171a 4500
005 - DATE AND TIME OF LATEST TRANSACTION
control field 20110718133202.0
008 - FIXED-LENGTH DATA ELEMENTS--GENERAL INFORMATION
fixed length control field 091005s1996 001 0 eng d
020 ## - INTERNATIONAL STANDARD BOOK NUMBER
Terms of availability 0.00
040 ## - CATALOGING SOURCE
Original cataloging agency NEGST Library - Kenya
050 #4 - LIBRARY OF CONGRESS CALL NUMBER
Classification number BS 325.A34 1996
082 0# - DEWEY DECIMAL CLASSIFICATION NUMBER
Classification number BS 325.A34 1996
100 1# - MAIN ENTRY--PERSONAL NAME
Personal name Bible League (South Holland, Ill.)
245 10 - TITLE STATEMENT
Title Dikola-Fon : gete wurubware e ta ma beni.
260 ## - PUBLICATION, DISTRIBUTION, ETC. (IMPRINT)
Name of publisher, distributor, etc Bible League in cooperat,
Date of publication, distribution, etc 1996.
300 ## - PHYSICAL DESCRIPTION
Extent viii, 648 p. : i.
500 ## - GENERAL NOTE
General note "The New Testament in Adele (Gidire), Ghana West Africa." - T.p. verso. Maps on end papers. [Africana]
600 10 - SUBJECT ADDED ENTRY--PERSONAL NAME
Personal name Bible. N.T. Adele. 1996.
600 10 - SUBJECT ADDED ENTRY--PERSONAL NAME
Personal name Adele language - Texts.
700 1# - ADDED ENTRY--PERSONAL NAME
Personal name Ghana Institute of Linguistics, Literacy.
852 ## - LOCATION/CALL NUMBER
-- 5.00
Holdings
Withdrawn status Lost status Source of classification or shelving scheme Damaged status Not for loan Collection code Home library Current library Shelving location Date acquired Cost, normal purchase price Full call number Barcode Date last seen Price effective from Koha item type
    Library of Congress Classification     Reference AIU/NEGST - Tony Wilmot Memorial Library AIU/NEGST - Tony Wilmot Memorial Library Reference 10/05/2009 5.00 REF BS 325.A34 1996 R36595F3232 09/26/2019 10/05/2009 Africana collection ( Reference)